• 首页
  • 本馆介绍
  • 公告通知
  • 最新文献
  • 馆藏检索
  • 电子资源
  • 读者导购
  • 参考咨询
  • 我的图书馆
  • 登录
  • 详细信息显示
  • 放入我的书架
  • 预约/预借图书
  • 作者相关作品
  • 分类相关作品
  • 丛书相关作品
  • 出版社相关作品

书目信息

  • 表格格式
  • 工作单格式
  • 卡片格式
题名:
古都
    
 
作者: 川端康成 著 ;叶渭渠 , 唐月梅 译
分册:  
出版信息: 济南   山东人民出版社  1981
页数: 322页
开本: 19cm
丛书名:
单 册:
中图分类: I313.45 , I313.4
科图分类:
主题词: 小说--日本--现代 , 文学
电子资源:
ISBN:
000 00818nam0 2200301 45
001 0181007829
005 20040315093811.8
010    @dCNY0.83
091    @a10099.1522
100    @a19950530d1981 em y0chiy0121 ea
101 1  @achi@cjpn
102    @aCN@b370000
105    @ay z 000ay
106    @ar
200 10 @a古都@Agu du@a雪国@Axue guo@f(日)川端康成著@g叶渭渠,唐月梅译
210    @a济南@c山东人民出版社@d1981
215    @a322页@d19cm
517 1  @a雪国@Axue guo
606    @a小说@y日本@z现代
606 0  @a文学
690    @aI313.45@v3
690    @aI313.4
701  0 @a川端康成@Achuan duan kang cheng@4著
702  0 @a叶渭渠@Aye wei qu@4译
702  0 @a唐月梅@Atang yue mei@4译
801  0 @aCN@b上海图书馆@c20040315
801  2 @aCN@bNLC@c20040315
905    @f1@b55725@dI313.4@e485@b55730@f1
    
    古都;雪国/(日)川端康成著/叶渭渠,唐月梅译.-济南:山东人民出版社,1981
    322页;19cm
    
    
    ISBN :CNY0.83
    
●
相关链接 在E读中查询图书 在五车中查询图书 在当当中查询图书 在豆瓣中查询图书


正题名:古都     索取号:I313.4/485         预约/预借

序号 登录号 条形码 馆藏地/架位号 状态 备注
1 0055725   001894070   密集书库/ [索取号:I313.4/485] 在馆    
2 0055730   001894114   密集书库/ [索取号:I313.4/485] 在馆    
唐山师范学院图书馆 欢迎您!
大连网信软件有限公司© 版权所有